000 00841nam a22001817a 4500
999 _c62383
_d62383
003 Ge_BSU
005 20241018165131.0
008 241018s1963 ge ||||| |||| 00| 0 geo d
041 _ageo
080 _a616.6(63) უ-61
245 _aუროლოგიის ინსტიტუტის შრომები :
_bტომ 2/
_cრედაქტორი ს. არშბა; საქართველოს სსრ მეცნიერებათა აკადემია.
264 _aთბილისი:
_bსაქ. სსრ მეცნ. აკად.,
_c1963.
300 _a205 გვ. :
_bსურ., ცხრ. ;
_c26 სმ.
653 _aუროლოგია
653 _aმედიცინა
700 _aარშბა, ს.
_eრედაქტორი
_923448
942 _2udc
_cᲬᲘᲒᲜᲘ